000 00417nam a2200145 i 4500
001 bg
245 0 _aBibliografia Bibliografii i Nauki o Książce 1979.
_nCz. 1,
_pBibliografia Bibliografii Polskich /
_coprac. Helena Pluta.
260 _aWarszawa,
_c1987.
700 1 _aPluta, Helena.
_eOprac.
040 _cBPK
041 _apol
080 _a016:01+002
942 _cKS
008 s pl f |000 0 pol
999 _c23778
_d23778
856 _uhttp://koha.tu.koszalin.pl/cgi-bin/koha/opac-detail.pl?biblionumber=23778
_yKatalog online BPK